ٹی مطا لہ غو ث خو ا ہ مخوا ہ ا و ر ا نکے چند همعصرشعرآ کی طنزیہ و مز ا حیہ شا عر ی کا تجز یا (Record no. 148203)

MARC details
000 -LEADER
fixed length control field 00825nam a22001937a 4500
005 - DATE AND TIME OF LATEST TRANSACTION
control field 20171221163926.0
010 ## - LCCN (DPL NO)
LC control number UR-9979
020 ## - INTERNATIONAL STANDARD BOOK NUMBER
Terms of availability 300.00
International Standard Book Number -
035 ## - SYSTEM CONTROL NUMBER
System control number U-8534
037 ## - SOURCE OF ACQUISITION
Source of stock number/acquisition DBAD/PUB
100 ## - MAIN ENTRY--PERSONAL NAME
Personal name ضا من علی حسرت
245 ## - TITLE STATEMENT
Title ٹی مطا لہ غو ث خو ا ہ مخوا ہ ا و ر ا نکے چند همعصرشعرآ کی طنزیہ و مز ا حیہ شا عر ی کا تجز یا
Statement of responsibility, etc ضا من علی حسرت
246 ## - VARYING FORM OF TITLE
Remainder of title Ghos KhuahMukhah Aur Unke Chand Humaser ShuaraKi Tanzia wa Mazahia Shaiyri Ka Tajaziati Mutalah
Title proper/short title by Zamin Ali Hasrat
260 ## - PUBLICATION, DISTRIBUTION, ETC. (IMPRINT)
Place of publication, distribution, etc Tilangana
Name of publisher, distributor, etc ضا من علی حسرت
Date of publication, distribution, etc 2015
270 ## - ADDRESS
Address 9-16-60,Ahmad Pura Colony,
City Tilangana
Postal code 18
Telephone number 9440882330
Fax number -
300 ## - PHYSICAL DESCRIPTION
Extent 266ص
Dimensions 22 Cm.(B.b)
500 ## - GENERAL NOTE
General note دو حصہ
942 ## - ADDED ENTRY ELEMENTS (KOHA)
Source of classification or shelving scheme Dewey Decimal Classification
Item type Urdu Bks
Classification part 841
Call number suffix ح س ر
Holdings
Withdrawn status Lost status Not for loan Collection code Home library Current library Date acquired Source of acquisition Cost, normal purchase price Full call number Barcode Copy number Cost, replacement price Koha item type
    Not For Loan Non-fiction D.B.Act.Division D.B.Act.Division 21/12/2017 DBAD/PUB. 300.00 841 ح س ر U-8534 1 300.00 Urdu Bks

© Delhi Public Library
Hit Counter
free hit counter